000 00618nam a2200241Ia 4500
003 OSt
005 20221005025638.0
006 a|||||r|||| 00| 0
007 ta
008 221004b |||||||| |||| 00| 0 eng d
024 _a27400
037 _cTextual
040 _aCRL
_cCRL
_beng
041 _2eng
_aeng
082 _aR34xN11, M3
100 _aHubbard L Ron
245 0 _aDianetics
_b The evolution of a science
260 _aCalifornia
_bBridge
_c1983
300 _a163p
_ccm.
650 _aPHILOSOPHY
942 _hR34xN11, M3
_cTEXL
_2cc
999 _c935039
_d935039